000
00455nam a2200169Ia 4500
008
110201s9999 xx 000 0 und d
082
_b
B2015
_a
KS 235
100
_a
राजे शैलजा
245
_a
दसरा
260
_b
अनमोल प्रकाशन
365
_b
8
600
_a
राजे शैलजा
630
_a
दसरा
700
_a
राजे शैलजा
730
_a
दसरा
942
_c
BOOK
999
_c
829122
_d
829119